| 000 | 00609nam a22001697a 4500 | ||
|---|---|---|---|
| 082 |
_a891.4393 _bAHM |
||
| 100 | _aSaleem, Ahmad | ||
| 245 |
_aSaadat hasan mar giya, manto zinda hai\ _cAhmad saleem. |
||
| 260 |
_aLahore: _bSang-e-Meel publications, _c2005. |
||
| 300 |
_a199p. : _c25cm. |
||
| 563 | _aHB | ||
| 650 |
_aModern Urdu literature. _91052 |
||
| 880 |
_6100-01\93\r _aاحمد سلیم |
||
| 880 |
_6245-02\93\r _aسعادت حسن مر گیا، منٹو زندہ ہے\ _bاحمد سلیم |
||
| 880 |
_6260-03\93\r _aلاہور: _bسنگِ میل پبلیکیشنز, _c2005. |
||
| 942 |
_2ddc _cBK |
||
| 999 |
_c614150 _d614150 |
||